000 01233nam0a22002891 4500
001 rc\3753216
005 20250610071230.0
035 _a(NLR Aleph) 007791285
090 _a7653278
_c7653278
100 _a20130115d1973 |||y0rusy50 ca
101 0 _arus
102 _aRU
105 _aa z |||||
200 1 _aСовременные самолеты США и стран Западной Европы
_fНауч. ред. проф. М.Н. Шульженко
_gГос. ком. Совета Министров СССР по науке и технике. АН СССР. ВИНИТИ
210 _aМосква
_cБ. и.
_d1973
215 _a231 с., 4 л. ил.
_cил.
_d22
225 1 _aИтоги науки и техники
_iСерия. Авиастроение
_vТ. 1
300 _aНа обл. только загл. серии
320 _aБиблиогр.: с. 224-229
532 1 2 _aСовременные самолеты Соединенных Штатов Америки и стран Западной Европы
700 1 _aСтруков
_bЮ.П.
702 1 _aШульженко
_bМ.Н.
_4340
801 0 _aRU
_bNLR
_gpsbo
801 1 _aRU
_bELAR
_2rusmarc
852 _aNLR
_jП10/4833
942 _cBOOK
980 _aNB